书目信息 |
| 题名: |
资本主义与历史学家
|
|
| 作者: | 哈耶克 著 ;秋风 译 | |
| 分册: | ||
| 出版信息: | 长春 吉林人民出版社 2011.01 |
|
| 页数: | 17, 216页 | |
| 开本: | 24cm | |
| 丛书名: | 人文译丛 | |
| 单 册: | ||
| 中图分类: | D091.5-53 | |
| 科图分类: | ||
| 主题词: | 资本主义--zi ben zhu yi--研究 | |
| 电子资源: | ||
| ISBN: | 978-7-206-07169-0 | |
| 000 | 01107nam 2200301 450 | |
| 001 | 012011388390 | |
| 005 | 20111205132659.01 | |
| 010 | @a978-7-206-07169-0@dCNY28.00 | |
| 100 | @a20111205d2011 em y0chiy0120 ea | |
| 101 | 1 | @achi@ceng |
| 102 | @aCN@b220000 | |
| 105 | @ay a 000yy | |
| 106 | @ar | |
| 200 | 1 | @a资本主义与历史学家@Azi ben zhu yi yu li shi xue jia@d= Capitalism and the historians@f(英) F.A.哈耶克著@F(ying)F.A.ha ye ke zhu@g秋风译@Gqiu feng yi@zeng |
| 205 | @a第2版 | |
| 210 | @a长春@c吉林人民出版社@d2011.01 | |
| 215 | @a17, 216页@d24cm | |
| 225 | 2 | @a人文译丛@Aren wen yi cong |
| 320 | @a有书目 | |
| 330 | @a本书分两大部分,包括:历史学家对资本主义的态度、19世纪初期的工厂制度等。是一本探讨历史学家如何曲解工业革命的历史的论文集。 | |
| 410 | 0 | @12001 @a人文译丛 |
| 500 | 10 | @aCapitalism and the historians@mChinese |
| 606 | 0 | @a资本主义@Azi ben zhu yi@x研究 |
| 690 | @aD091.5-53@v4 | |
| 701 | 1 | @a哈耶克@Aha ye ke@g(Hayek, Friedrick August von),@f1899-1992@4著 |
| 702 | 0 | @a秋风@Aqiu feng@4译 |
| 801 | 0 | @aCN@bQSSK@c20111205 |
| 905 | @b795512@dD091.5-53@eH023@f1 | |
| 资本主义与历史学家= Capitalism and the historians/(英) F.A.哈耶克著/秋风译.-第2版.-长春:吉林人民出版社,2011.01 |
| 17, 216页;24cm.-(人文译丛) |
| ISBN 978-7-206-07169-0:CNY28.00 |
| 本书分两大部分,包括:历史学家对资本主义的态度、19世纪初期的工厂制度等。是一本探讨历史学家如何曲解工业革命的历史的论文集。 |
| ● |
| 相关链接 |
|
|
|
正题名:资本主义与历史学家
索取号:D091.5-53/H023
 
预约/预借
| 序号 | 登录号 | 条形码 | 馆藏地/架位号 | 状态 | 备注 |
| 1 | 795512 | 207955122 | 社科库509/509社科库 68排3列4层/ [索取号:D091.5-53/H023] | 在馆 |